Berkshire Quiz - Statistics

General Stats
  • This quiz has been taken 55 times
  • The average score is 7 of 15
Answer Stats
Hint Answer % Correct
County Town and Largest Settlement Reading
92%
Berkshire lies in the valley of what river? Thames
88%
Town famous for being one of the seats of the monarch Windsor
75%
Prestigious school transferred along with the above. Eton
63%
Industrial town transferred from Buckinghamshire to Berkshire in 1972 Slough
63%
Town that hosts an annual series of horse races. Ascot
58%
The current Princess of Wales, born in Berkshire. Kate Middleton
52%
Former British Prime Minister, whose constituency centred on the town of Maidenhead. Theresa May
42%
Town famous for military college. Sandhurst
40%
"Great" King born on the Berkshire Downs Alfred
25%
Animal that appears on the flag of Berkshire Stag
21%
Berkshire is one of a few UK counties that lacks any of these. Cities
13%
Neolithic artwork found on the Berkshire Downs White Horse
13%
Nickname for Berkshire derived from this. the Royal County
8%
Historic County Town Abingdon
2%
No matching quizzes found
Score Distribution
Percent of People with Each Score
Percentile by Number Answered
Your Score History
You have not taken this quiz